Top 12 Biggest Cities in the World! - Statistics

General Stats
  • This quiz has been taken 24 times
  • The average score is 9 of 12
Answer Stats
Population Answer % Correct
37.2 Million Tokyo
96%
21.3 Million Beijing
92%
28.5 Million Shanghai
92%
20.9 Million Mumbai
88%
32 Million New Delhi
83%
22.4 Million Sao Paulo
79%
22 Million Mexico City
75%
19 Million Osaka
75%
21.7 Million Cairo
63%
22.4 Million Dhaka
54%
16.8 Million Karachi
50%
16.8 Million Chongqing
17%
No matching quizzes found
Score Distribution
Percent of People with Each Score
Percentile by Number Answered
Your Score History
You have not taken this quiz